|
|
|
|
| LEADER |
00000nam a2200000 a 4500 |
| 001 |
vtls001287054 |
| 003 |
SK-MaSNL |
| 005 |
20260331203342.0 |
| 008 |
180812s1936 xo 0 slo |
| 020 |
|
|
|c 90,00
|
| 035 |
|
|
|a SNK000238612
|
| 040 |
|
|
|a SNK
|b slo
|c SNK
|e AACR2
|
| 041 |
0 |
|
|a slo
|
| 044 |
|
|
|a xo
|c SK
|
| 080 |
|
|
|a 245:282
|2 1981
|
| 100 |
1 |
|
|a Paulovský, Julius
|4 zos
|9 382767
|
| 245 |
1 |
|
|a Kvety na hrobe
|b pohrebný spevník, obsahujúci r.k. pohrebné obrady ... K celým sv. omšiam i k jednotlivým čiastkam
|c sostavil a vydal Julius Paulovský
|
| 260 |
|
|
|a Podlavice
|b Julius Paulovský
|c 1936
|e Ružomberok
|f Ján Párička
|
| 300 |
|
|
|a 125 s.
|c 18 cm
|
| 610 |
0 |
7 |
|a Rímskokatolícka cirkev
|x piesne pohrebné
|x spevníky
|2 SNK
|9 382768
|
| 611 |
1 |
7 |
|a Rímskokatolícka cirkev
|x piesne pohrebné
|x spevníky
|2 SNK
|9 382769
|
| 650 |
0 |
7 |
|a piesne pohrebné katolícke
|x spevníky
|2 SNK
|9 382770
|
| 958 |
|
|
|a OND
|
| 999 |
|
|
|c 628504
|d 630434
|
| 952 |
|
|
|a SNK
|b SNK
|y PREZ
|7 0
|p 17A0973808
|o snkSC 33646
|0 0
|1 0
|4 0
|d 1997-05-15
|l 0
|r 2025-09-30 00:00:00
|w 2026-02-23
|
| 952 |
|
|
|t P60, <04>, [BOOK], {604}
|a SNK
|b SNK
|y VYP
|7 0
|p 17A0063332
|o snkSC 33646 D1
|i snkK 408/97
|0 0
|1 0
|4 0
|d 1997-05-15
|l 0
|r 2005-01-02 00:00:00
|w 2026-02-23
|